| 000 | 00459nam a2200121Ia 4500 | ||
|---|---|---|---|
| 003 | GCL | ||
| 008 | 140319s9999 xx 000 0 ara d | ||
| 040 |
_aGCL / _cGCL |
||
| 082 | 0 | 4 |
_a657.45 _bا ت |
| 100 | 1 | _aامين السيد احمد لطفى | |
| 245 | 1 | 0 |
_aالاتجاهات الحديثة فى المراجعة والرقابة على الحسابات / _cامين السيد احمد لطفى |
| 490 |
_aالهيئة العامة للاستعلامات _v0 |
||
| 999 |
_c48275 _d48275 |
||